| 000 | 00848nam a2200241 i 4500 | ||
|---|---|---|---|
| 001 | 118236 | ||
| 003 | ES-MaACL | ||
| 005 | 20251215123321.0 | ||
| 007 | t| | ||
| 008 | 070214s1926 sp |||| | spa d | ||
| 100 | 1 |
_aPardo Bazán, Emilia, _cCondesa de, _d1851-1921 _9176434 |
|
| 245 | 1 | 3 |
_aEl lirismo en la poesía francesa / _cEmilia Pardo Bazán. |
| 260 |
_aMadrid : _bPueyo, _c1926. |
||
| 300 |
_aXI, 449 p. ; _c20 cm. |
||
| 490 | 1 |
_aObras completas de Emilia Pardo Bazán ; _v43 |
|
| 530 | _aDisponible en formato digital. | ||
| 650 | 0 | 4 |
_aPoesía francesa- _xHistoria y crítica. _9170542 |
| 830 | 0 |
_aObras completas de Emilia Pardo Bazán ; _v43 _9176456 |
|
| 852 |
_aES-MaACL _jB-6015 _cSPB |
||
| 856 | 4 |
_uhttp://bdh-rd.bne.es/viewer.vm?id=0000201249&page=1 _y(Biblioteca Digital Hispánica) |
|
| 942 | _2udc | ||
| 999 |
_c118236 _d118236 |
||